Harry Potter Pop Vinyl's - Statistics

General Stats
  • This quiz has been taken 165 times
    72 since last reset
  • The average score is 34 of 59
Answer Stats
Character % Correct
4 Albus Dumbledore
98%
1 Harry Potter
98%
3 Hermione Granger
98%
2 Ron Weasley
98%
20 Fred Weasley
94%
21 George Weasley
94%
26 Ginny Weasley
94%
5 Severus Snape
94%
22 Minerva McGonagall
92%
14 Neville Longbottom
92%
7 Rubeus Hagrid
92%
8 Draco Malfoy
91%
58 Molly Weasley
91%
10 Sirius Black
91%
6 Voldemort
91%
19 Lucius Malfoy
87%
25 Remus Lupin
83%
18 Bellatrix Lestrange
81%
9 Luna Lovegood
79%
24 Dolores Umbridge
77%
23 Mad-Eye Moody
75%
13 Cedric Diggory
72%
11 Dobby
70%
44 Cho Chang
68%
42 Viktor Krum
68%
41 Fleur Delacour
66%
27 Peter Pettigrew
66%
37 Hedwig
62%
29 Gilderoy Lockhart
60%
35 Professor Quirrell
60%
34 Seamus Finnigan
58%
30 Tom Riddle
58%
51 Nymphadora Tonks
57%
49 Buckbeak
49%
43 Igor Karkaroff
45%
46 Parvati Patil
45%
40 Sybill Trelawney
45%
45 Padma Patil
43%
47 Filch
42%
57 Fang
38%
32 Basilisk
36%
39 Fawkes
36%
48 Madame Maxime
36%
33 Moaning Myrtle
32%
31 Nearly Headless Nick
32%
55 Ollivander
30%
38 Rita Skeeter
28%
12 Dementor
23%
36 Bloody Baron
21%
17 Grindylow
21%
52 Stan Shunpike
21%
59 Gringotts Dragon
19%
16 Mandrake
19%
15 Cornish Pixie
17%
53 Gringotts Head Goblin
17%
56 Rosmerta
17%
50 Patronus
13%
54 Gargoyle Boar
9%
28 Boggart as Snape
8%
No matching quizzes found
Score Distribution
Percent of People with Each Score
Percentile by Number Answered
Your Score History
You have not taken this quiz since the last reset